LEADER 00976nam0 22002531i 450 001 UON00527934 005 20250320125859.240 100 $a20250320d1978 |0itac50 ba 101 $aita 102 $aIT 105 $a|||| ||||| 200 1 $aArte e linguaggio della politica e altri saggi$fFrancis Haskell 210 $aFirenze$cStudio per edizioni scelte$d1978 215 $aVIII, 243 p., ill.$d22 cm. 410 1$1001UON00511512$12001 $aSpecimen$1210 $aFirenze$cS.P.E.S.$v1 606 $aArte$3UONC022794$2FI 620 $aIT$dFirenze$3UONL000052 700 1$aHaskell$bFrancis$3UONV064748$0157088 801 $aIT$bSOL$c20250530$gRICA 899 $aSIBA - SISTEMA BIBLIOTECARIO DI ATENEO$2UONSI 912 $aUON00527934 950 $aSIBA - SISTEMA BIBLIOTECARIO DI ATENEO$dSI VARIA 005 $eSI LO 8152 5 996 $aArte e linguaggio della politica e altri saggi$9266002 997 $aUNIOR